Central Library OPAC University of Rajshahi

সংস্কৃত অলঙ্কারশাস্ত্র : (Record no. 83167)

MARC details
000 -LEADER
fixed length control field 00984nam a2200229 a 4500
001 - CONTROL NUMBER
control field 83167
003 - CONTROL NUMBER IDENTIFIER
rucl marc code BD-RjUL
005 - DATE AND TIME OF LATEST TRANSACTION
control field 20240227125049.0
008 - FIXED-LENGTH DATA ELEMENTS--GENERAL INFORMATION
fixed length control field 240227s2012 ii ||||| |||| 00| 0 ben d
020 ## - INTERNATIONAL STANDARD BOOK NUMBER
International Standard Book Number 9788124707081
035 ## - SYSTEM CONTROL NUMBER
System control number (BD-RjUL)83167
040 ## - CATALOGING SOURCE
Original cataloging agency BD-RjUL
Language of cataloging eng
Transcribing agency BD-RjUL
041 ## - LANGUAGE CODE
Language code of text/sound track or separate title ben
082 ## - DEWEY DECIMAL CLASSIFICATION NUMBER
Edition number 23
Classification number 491.25
Author mark and year BAS 2012
100 ## - MAIN ENTRY--PERSONAL NAME
Personal name বন্দ্যোপাধ্যায়, ধীরেন্দ্রনাথ
9 (RLIN) 11937
245 ## - TITLE STATEMENT
Title সংস্কৃত অলঙ্কারশাস্ত্র :
Remainder of title তত্ত্ব ও সমীক্ষা /
Statement of responsibility, etc. ধীরেন্দ্রনাথ বন্দ্যোপাধ্যায়
260 ## - PUBLICATION, DISTRIBUTION, ETC. (IMPRINT)
Place of publication, distribution, etc. কলকাতা :
Name of publisher, distributor, etc. পশ্চিমবঙ্গ রাজ্য পুস্তক পর্ষৎ,
Date of publication, distribution, etc. ২০১২
300 ## - PHYSICAL DESCRIPTION
Pagination ৪৭২ পৃ.;
Size ২২ সেমি.
650 ## - SUBJECT ADDED ENTRY--TOPICAL TERM
Topical term or geographic name as entry element সংস্কৃত
Form subdivision ব্যাকরণ
9 (RLIN) 11938
Topical term or geographic name as entry element Sanskrit
Form subdivision Grammar
9 (RLIN) 11939
942 ## - ADDED ENTRY ELEMENTS (KOHA)
Source of classification or shelving scheme Dewey Decimal Classification
Koha item type Books
Holdings
Lost status Source of classification or shelving scheme Damaged status Not for loan Collection code Permanent Location Current Location Shelving location Date acquired Source of acquisition Cost, normal purchase price Total Checkouts Full call number Date last seen Copy number Koha item type
  Dewey Decimal Classification   Not For Loan Non-fiction Central Library, University of Rajshahi Central Library, University of Rajshahi Reading Room 20/02/2024 Dhaka : Book Finder 260.00   B 491.25 BAS 2012 27/02/2024 C-1 Books
  Dewey Decimal Classification     Non-fiction Central Library, University of Rajshahi Central Library, University of Rajshahi General Stacks 20/02/2024 Dhaka : Book Finder 260.00   B 491.25 BAS 2012 27/02/2024 C-2 Books
  Dewey Decimal Classification     Non-fiction Central Library, University of Rajshahi Central Library, University of Rajshahi General Stacks 20/02/2024 Dhaka : Book Finder 260.00   B 491.25 BAS 2012 27/02/2024 C-3 Books